K článku Ústavnosť právnej úpravy samosprávy mestských častí Bratislavy a Košíc

Bibliographic Details
Main Author: Machajová, Jozefína (Author)
Format: Article
Language:Slovak
Subjects:

MARC

LEADER 00000nab a2200000 a 4500
001 vtls000722335
003 SK-MaSNL
005 20260305022409.0
008 250429c2000 xo 0 slo
015 |a SNBRB2000/05-13826 
035 |a CLN000074502 
035 |a urn:nbn:sk:snk-abjs0 
035 |a (urnnbn)urn:nbn:sk:snk:ar-003ef5 
035 |a (uuid)0eef799a-51ee-434f-bf4a-160e1a554a81 
040 |a SNKBUCL  |b slo  |c SNKBUCL  |e AACR2 
041 0 |a slo 
044 |a xo  |c SK 
080 |a 352.9(437.6):340.13  |2 1997 
080 |a 340.13:352.9(437.6)  |2 1997 
100 1 |a Machajová, Jozefína  |4 aut  |9 289958 
245 1 0 |a K článku Ústavnosť právnej úpravy samosprávy mestských častí Bratislavy a Košíc  |c Jozefína Machajová 
650 0 7 |a mestá  |2 snkbucl  |9 2929 
650 0 7 |a samospráva  |2 snkbucl  |9 4165 
650 0 7 |a mestské časti  |2 snkbucl  |9 30863 
651 7 |a Košice (Slovensko)  |2 snkbucl  |9 18694 
651 7 |a Bratislava (Slovensko)  |2 snkbucl 
655 7 |a články z novín a časopisov  |2 snkbucl  |9 267496 
773 0 |t Justičná revue  |g Roč. 52, č. 3 (2000), s. 296-300 
850 |a Slovenská národná knižnica 
852 |a Slovenská národná knižnica 
954 |a odborná, vedecká literatúra pôvodná (slovenská)  |2 lita 
958 |a article27 
958 |a OND 
958 |a SK 
958 |a EUIPO 
992 |a RBX 
999 |c 3290513  |d 3292443